000 00610nam a2200181 4500
001 120636
003 ES-MaACL
005 20250829062532.0
007 t|
008 070214s1984 sp r ||||1| spa d
100 1 _aPozo Pardo, Alberto del.
_993550
245 1 0 _aOrganización y dirección de centros educativos /
_cpor Alberto del Pozo Pardo.
260 _aMadrid :
_bUniversidad Nacional de Educación a Distancia,
_c1984.
300 _a2 v. ;
_c30 cm.
710 2 _aUniversidad Nacional de Educación a Distancia (España)
_97405
852 _aES-MaACL
_jL-7481-2
_bR.108011
999 _c120636
_d120636